000 01613nam a22004577a 4500
001 000095898
003 CHAP
005 20220408135948.0
008 060606d2006 mx r 00110 spa d
010 _a92364
011 _a93336
035 _a103908
040 _cCHAP
090 _aTesis
100 0 0 _aReyes Balcázar, Oscar.
_996743
245 1 0 _aEvaluación de módulos de aprendizaje significativo de la matemática en la educación media superior /
_c/por Oscar Reyes Balcázar.
260 _aChapingo, Méx. :
_bEl autor,
_c2006.
300 _a175 h.
502 _aTesis (Dr. en Ciencias en Educación Agrícola Superior) -- UACH. Departamento de Sociología Rural
590 _aALEPH
_b10
_c20130110
590 _aBATCH-UPD
_b10
_c20130109
590 _aBATCH-UPD
_b10
_c20130110
590 _aBATCH-UPD
_b10
_c20130409
590 _aBATCH-UPD
_b10
_c20130410
590 _aBATCH-UPD
_b10
_c20130914
590 _aBATCH-UPD
_b10
_c20140324
590 _aBATCH-UPD
_b10
_c20141002
590 _aCONVERSION
_b10
_c20130109
590 _aE5765TAJ
_b10
_c20130606
650 1 4 _aAprendizaje.
_96370
650 1 4 _aEducación media superior.
_935578
650 1 4 _aMatemáticas
_xEstudio y enseñanza.
_972904
650 1 4 _aMatemáticas
_xMetodología.
_972908
856 _3Finding aid
_uhttp://10.13.5.2/tesis/103908.pdf
_zTeclea aquí
901 _aBK
905 _aAlejandra Carrasco M.
942 _cCD
_2ddc
942 _n0
_2ddc
949 _aTesis
_bBC
_cTES
_d00000001039081
_eTS1
_gDonaciØn
_h45361
_i103908
_sb
949 _aTesis
_bBC
_cTES
_d33724000992103
_eTS2
_fc.2
_gDonaciØn
_h45362
_i103908
_sb
999 _c92364
_d92364